| 000 | 00726nam a22001937a 4500 | ||
|---|---|---|---|
| 003 | JO-AjAnu | ||
| 005 | 20241019112402.0 | ||
| 008 | 241019b jo ||||| |||| 00| 0 ara d | ||
| 020 | _a566-149-9927-978 | ||
| 040 | _cJO-AjAnu | ||
| 041 | _hARA | ||
| 100 |
_aالقطاطي، آمال محمود _eمعد _966303 |
||
| 245 |
_aعمارة بلا معماريين : البيت القطري قبل النفط بيت الحجر والطين _c / آمال محمود القطاطي |
||
| 260 |
_aقطر : _bدار كتارا للنشر، _c2021 |
||
| 300 | _a196 صفحة | ||
| 500 | _aيحتوي هذا الكتاب على صور ملونه ورسومات هندسية | ||
| 650 |
_vالعمارة _948505 |
||
| 942 |
_2lcc _cBK _n0 |
||
| 999 |
_c33750 _d33750 |
||